000 00277nam a2200121Ia 4500
008 190216s9999||||xx |||||||||||||| ||und||
100 _aAsok Kumar Saxena
245 0 _a"Central Sales Tax Act,1956"
260 _bNull
_c1992
300 _a420p
650 _aCommerce
942 _cBK
999 _c5479
_d5479